000 00663nam a2200205Ii 4500
003 JO-AjNU
008 230605s9999||||xx |||||||||||||| ||und||
040 _aJO-AjNU
_bara
_erda
_cJO-AjNU
041 _aara
050 1 4 _aZ678.85.1988
100 3 _aعمر ، عبدالرحمن عبد الباقي ,
_eauthor
_99258
245 0 0 _aتنظيم وادارة المكتبات العامة
250 _aط2
264 3 1 _aمصر :دار المعارف ،1988
300 _a134ص
336 _atext
_btxt
_2rdacontent
337 _aunmediated
_bn
_2rdamedia
338 _avolume
_bnc
_2rdacarrier
650 4 _aالمكتبات العامة-ادارة-تنظيم
_99259
999 _aA1206
_c4774
_d4774